| 000 | 00429nam a22001577a 4500 | ||
|---|---|---|---|
| 003 | MPLRDC | ||
| 005 | 20220104142805.0 | ||
| 008 | 210129b ||||| |||| 00| 0 eng d | ||
| 082 | _a051.4 P1PN v.14 1981 | ||
| 100 | _a怡保培南中学 | ||
| 245 |
_a怡保1981培南中学校刊暨毕业刊 _c |
||
| 260 |
_a _b怡保培南中学 _c1982 |
||
| 300 | _b平 | ||
| 650 | _a学术纪要、学刊 | ||
| 942 |
_cBK _o051.4 P1PN v.14 1981 |
||
| 999 |
_c33731 _d33721 |
||